Städteraten - Deutschland - Statistiken

Allgemein
  • Dieses Quiz wurde 211 mal gespielt
  • Das Durchschnittsergebnis liegt bei 13 aus 15
Antwortstatistiken
Hint Antwort % Korrekt
Das Oktoberfest findet hier statt München / Bayern
99%
Hauptstadt der Republik Berlin / Berlin
98%
Finanzmetropole am Main Frankfurt / Hessen
98%
Die größte Kathedrale ist hier Köln / NRW
98%
Größter Seehafen Hamburg / Hamburg
97%
Hauptstadt Niedersachsens Hannover / Niedersachsen
94%
Buchmessestadt in Sachsen Leipzig / Sachsen
94%
Direkt neben Berlin gelegen Potsdam / Brandenburg
92%
Im einwohnerärmsten Bundesland Bremen / Bremen
84%
Hier ist der Zwinger Dresden / Sachsen
84%
Modestadt am Rhein Düsseldorf / NRW
83%
Berühmt für Lebkuchen Nürnberg / Bayern
80%
Liegt an Donau, Naab und Regen Regensburg / Bayern
67%
Berühmt für Marzipan Lübeck / Schleswig-Holstein
62%
Schönste Kleinstadt Deutschlands Rothenburg / Bayern
26%
Keine übereinstimmenden Quizze gefunden
Verteilung der Resultate
Anzahl Personen mit jedem Resultat
Perzentil nach korrekt beantworteten Fragen
Ihre Resultats-Entwicklung
Sie haben dieses Quiz noch nicht gespielt